| 000 | 01047 a2200193 4500 | ||
|---|---|---|---|
| 003 | Nust | ||
| 005 | 20230320095409.0 | ||
| 010 | _a 72005486 | ||
| 020 | _a0070722439 | ||
| 040 | _cNust | ||
| 082 | 0 | 0 | _a625.8,YAN |
| 100 | 1 |
_aYang, Nai C., _943811 |
|
| 245 | 1 | 0 |
_aDesign of Functional Pavements / _cNai C. Yang. |
| 260 |
_aNew York, _bMcGraw-Hill _c[1972] |
||
| 300 |
_ax, 467 p. _billus. _c24 cm. |
||
| 505 | _aBasic of Pavements (Page-1), Development of Design Methods (Page-25), Pavement Support Conduction (Page-44), Quality Control and Construction Tolerance (Page-84), Material Concept of Pavement Construction (Page-105), Environmental Effects on Pavements (Page-138), Mathematical Methods for Pavement Systems (Page-181), Properties of Landing Gears Relating to Pavement Design (Page-273), Vehicle Pavement Interaction (Page-313), Full Scale Pavement Tests (Page-363), Systems of Pavement Design Analysis (Page-383), Redesign of Existing Pavement (Page-442). | ||
| 650 | 0 |
_aPavements _xDesign and construction. _9916 |
|
| 942 |
_2ddc _cBK |
||
| 999 |
_c183745 _d183745 |
||